00726nam a2200181 a 450000100100000000500170001000800410002704000250006808200140009311000470010724500460015426000660020030000220026604900090028895201120029795201180040999900170052700003158420200930063031.0110627s2002 dr 000 0 spa d aDO-SdBNPbspacBNPHU axxxxbU582 aUniversidad Católica Santo Domingo9147810aVigésimo quinta graduación ordinaria. aSanto Domingo :bUniversidad Católica Santo Domingo,c2002. a[46 p.] ;c21 cm. aBNPD 0010718PDaPDbPDcHDd2011-06-27iLF1l0oxxxx U58p31584-10r2020-06-25w2020-06-25yLFPDZNo se presta 0010718PDaPDbPDcHDd2013-08-14iLF1l0oxxxx U58p31584-20r2020-06-25te. 2w2020-06-25yLFPDZNo se presta c31076d31076